| 000 | 00412nam a2200157 i 4500 | ||
|---|---|---|---|
| 001 | 62424 | ||
| 003 | ES-MaACL | ||
| 007 | t| | ||
| 008 | 031120s1968 mx ||||1| spa d | ||
| 100 | 1 |
_aFernández, Sergio. _949430 |
|
| 245 | 1 | 4 |
_aLos peces / _cSergio Fernández. |
| 250 | _a[1ª ed.]. | ||
| 260 |
_a[México : _bJoaquín Mortiz, _c1968] |
||
| 300 |
_a171 p. ; _c20 cm. |
||
| 852 |
_aES-MaACL _jE-9267 _bR.94042 |
||
| 999 |
_c62424 _d62424 |
||